[Event "MNE-ch 76th"]
[Site "Podgorica"]
[Date "2024.02.10"]
[Round "5"]
[White "Nikcevic, Nebojsa"]
[Black "Krstonijevic, Stjepan"]
[Result "1-0"]
[WhiteElo "2338"]
[BlackElo "2108"]
[PlyCount "41"]
[EventDate "2024.02.06"]
[EventType "swiss"]
[EventRounds "11"]
[EventCountry "MNE"]
[SourceTitle "CB08_2024"]
[SourceDate "2024.02.21"]
[SourceVersion "1"]
[SourceVersionDate "2024.02.21"]
[SourceQuality "1"]

1. d4 d5 2. c4 c6 3. Nf3 Nf6 4. e3 e6 5. Nbd2 Nbd7 6. b3 Bd6 7. Bb2 0-0 8. Bd3 Qe7 9. Ne5 c5 10. 0-0 b6 11. Nc6 Qe8 12. e4 cxd4 13. cxd5 exd5 14. exd5 Nc5 15. Nc4 Qd7 16. Bb1 Bb7 17. Qxd4 Ne6 18. Qh4 Bxc6 19. Bxf6 h6 20. dxc6 Qxc6 21. Be4 1-0

[Event "Dubrovnik Advent op"]
[Site "Dubrovnik"]
[Date "2023.12.03"]
[Round "5"]
[White "Nikcevic, Nebojsa"]
[Black "Javornik, Nik"]
[Result "1-0"]
[WhiteElo "2334"]
[BlackElo "2120"]
[PlyCount "81"]
[EventDate "2023.12.01"]
[EventType "swiss"]
[EventRounds "6"]
[EventCountry "CRO"]
[SourceTitle "CB49_2023"]
[SourceDate "2023.12.06"]
[SourceVersion "1"]
[SourceVersionDate "2023.12.06"]
[SourceQuality "1"]

1. c4 Nf6 2. Nc3 g6 3. e4 d6 4. d4 Bg7 5. h3 0-0 6. Bg5 c5 7. d5 h6 8. Be3 Qa5 9. Bd3 e6 10. Qd2 exd5 11. exd5 Nbd7 12. Nf3 h5 13. 0-0 a6 14. a4 Ne8 15. Bh6 Qd8 16. Rfe1 f5 17. Bxg7 Kxg7 18. Ng5 Ne5 19. f4 Nxd3 20. Qxd3 Nc7 21. a5 Bd7 22. b4 cxb4 23. Qd4+ Kg8 24. Na2 b3 25. Nc1 Qf6 26. Qxf6 Rxf6 27. Nxb3 Rff8 28. Re7 Rad8 29. Rae1 Rfe8 30. Nh7 Rxe7 31. Rxe7 Ne8 32. Nd4 Bc8 33. Nf3 Bd7 34. Nh4 Ba4 35. Nxg6 Rc8 36. Ng5 Rxc4 37. Rh7 Rc1+ 38. Kh2 Nf6 39. Ne7+ Kf8 40. Rf7+ Ke8 41. Nxf5 1-0

[Event "Dubrovnik Advent op"]
[Site "Dubrovnik"]
[Date "2023.12.02"]
[Round "3"]
[White "Nikcevic, Nebojsa"]
[Black "Begic, Domagoj"]
[Result "1/2-1/2"]
[WhiteElo "2334"]
[BlackElo "2028"]
[PlyCount "100"]
[EventDate "2023.12.01"]
[EventType "swiss"]
[EventRounds "6"]
[EventCountry "CRO"]
[SourceTitle "CB49_2023"]
[SourceDate "2023.12.06"]
[SourceVersion "1"]
[SourceVersionDate "2023.12.06"]
[SourceQuality "1"]

1. c4 e5 2. Nc3 Nc6 3. e3 Nf6 4. Nf3 a6 5. d4 exd4 6. exd4 d5 7. Bg5 Be6 8. Bxf6 gxf6 9. a3 Qd7 10. Rc1 0-0-0 11. c5 Re8 12. Be2 h5 13. b4 Bh6 14. Rb1 Bg4 15. Ng1 Bxe2 16. Ngxe2 Qg4 17. Kf1 Rhg8 18. Rg1 h4 19. Qd3 Qe6 20. f4 f5 21. Kf2 Bg7 22. Rbd1 Re7 23. Qf3 Rd7 24. Rd3 Re8 25. Rgd1 Qg6 26. Nxd5 Re4 27. Ndc3 Nxd4 28. Nxd4 Rexd4 29. Ne2 Rxd3 30. Rxd3 Rxd3 31. Qxd3 Qe6 32. h3 c6 33. g3 Bf6 34. Kf3 Kc7 35. gxh4 Bxh4 36. Ng3 Bxg3 37. Kxg3 Qe1+ 38. Kg2 Qe6 39. h4 Qg6+ 40. Qg3 Qh5 41. Kf2 Qd1 42. Qf3 Qd2+ 43. Kg3 Qe1+ 44. Kh3 Qg1 45. h5 f6 46. Qg2 Qd4 47. Qg3 Qd1 48. h6 Qh1+ 49. Qh2 Qf3+ 50. Qg3 Qh1+ 1/2-1/2

[Event "Dubrovnik Advent op"]
[Site "Dubrovnik"]
[Date "2023.12.02"]
[Round "4"]
[White "Videkovic, Marina"]
[Black "Nikcevic, Nebojsa"]
[Result "0-1"]
[WhiteElo "1824"]
[BlackElo "2334"]
[PlyCount "62"]
[EventDate "2023.12.01"]
[EventType "swiss"]
[EventRounds "6"]
[EventCountry "CRO"]
[SourceTitle "CB49_2023"]
[SourceDate "2023.12.06"]
[SourceVersion "1"]
[SourceVersionDate "2023.12.06"]
[SourceQuality "1"]

1. d4 d5 2. c4 dxc4 3. Nc3 a6 4. a4 Nc6 5. Nf3 Na5 6. Bg5 f6 7. Bf4 g5 8. Bg3 h5 9. h4 g4 10. Nd2 Nh6 11. e4 Qxd4 12. Bxc7 Qc5 13. Bxa5 g3 14. fxg3 Ng4 15. Qe2 Qxa5 16. Nxc4 Qb4 17. a5 Be6 18. Ra4 Qc5 19. Nb6 Rd8 20. Nbd5 Bxd5 21. exd5 Bh6 22. Qf3 0-0 23. Bd3 f5 24. Rc4 Qxa5 25. Ra4 Qb6 26. Nd1 Ne5 27. Qe2 Rxd5 28. Bc4 Nxc4 29. Rxc4 Rfd8 30. Nc3 Bd2+ 31. Kf1 Bxc3 0-1

[Event "Hvar op"]
[Site "Hvar"]
[Date "2023.10.21"]
[Round "9"]
[White "Nikcevic, Nebojsa"]
[Black "Begic, Klara"]
[Result "1-0"]
[WhiteElo "2350"]
[BlackElo "1723"]
[PlyCount "83"]
[EventDate "2023.10.15"]
[EventType "swiss"]
[EventRounds "9"]
[EventCountry "CRO"]
[SourceTitle "Mega2024 Update 01"]
[Source "Chessbase"]
[SourceDate "2023.11.12"]
[SourceVersion "1"]
[SourceVersionDate "2023.11.12"]
[SourceQuality "1"]

1. Nf3 d5 2. d4 Nf6 3. c4 e6 4. Nc3 Be7 5. Bg5 b6 6. Qa4+ c6 7. cxd5 exd5 8. e3 0-0 9. Bd3 Bb7 10. Ne5 Nfd7 11. Bxe7 Qxe7 12. Nf3 c5 13. Rd1 f5 14. dxc5 f4 15. cxb6 fxe3 16. Qd4 exf2+ 17. Kxf2 Nxb6 18. Rhe1 Qd6 19. Nb5 Qh6 20. Kg1 Nc6 21. Qc5 Rad8 22. Nfd4 Nxd4 23. Nxd4 Rc8 24. Qa3 Qf6 25. Nf5 Kh8 26. Qxa7 Rf7 27. Ne7 Rxe7 28. Rxe7 Qxe7 29. Qxb6 Ba8 30. Qd4 Rb8 31. Rc1 Kg8 32. a3 Bb7 33. b4 Ra8 34. Ra1 Qd7 35. b5 Ra5 36. a4 Ba8 37. Rc1 Qa7 38. Qxa7 Rxa7 39. Rc8+ Kf7 40. Bc2 Ke7 41. b6 Kd7 42. Bf5+ 1-0

[Event "Hvar Arsenal blitz op 2nd"]
[Site "Hvar"]
[Date "2023.10.19"]
[Round "5"]
[White "Nikcevic, Nebojsa"]
[Black "Patel, Zain"]
[Result "1-0"]
[WhiteElo "2282"]
[BlackElo "1755"]
[PlyCount "65"]
[EventDate "2023.10.19"]
[EventType "swiss (blitz)"]
[EventRounds "11"]
[EventCountry "CRO"]
[SourceTitle "Mega2024 Update 01"]
[Source "Chessbase"]
[SourceDate "2023.11.12"]
[SourceVersion "1"]
[SourceVersionDate "2023.11.12"]
[SourceQuality "1"]

1. Nf3 Nf6 2. c4 e6 3. g3 d5 4. b3 Be7 5. Bg2 0-0 6. 0-0 b6 7. cxd5 exd5 8. Nc3 Bb7 9. d4 Nbd7 10. Bb2 Ne4 11. Qc2 Ndf6 12. Ne5 c5 13. dxc5 bxc5 14. Nxe4 Nxe4 15. Rfd1 Qc7 16. Rac1 Rac8 17. Bxe4 dxe4 18. Rd7 Qxd7 19. Nxd7 Rfd8 20. Ne5 Bg5 21. Rd1 Bf6 22. Nc4 Bd4 23. e3 Bxb2 24. Rxd8+ Rxd8 25. Nxb2 Rd5 26. Kg2 Re5 27. Nc4 Re6 28. Na5 Bc8 29. Qxc5 Bd7 30. Qc7 Be8 31. Nb7 Rc6 32. Qd8 Kf8 33. Nd6 1-0

[Event "Hvar Arsenal blitz op 2nd"]
[Site "Hvar"]
[Date "2023.10.19"]
[Round "11"]
[White "Simunic, Krunoslav"]
[Black "Nikcevic, Nebojsa"]
[Result "1-0"]
[WhiteElo "1823"]
[BlackElo "2282"]
[PlyCount "27"]
[EventDate "2023.10.19"]
[EventType "swiss (blitz)"]
[EventRounds "11"]
[EventCountry "CRO"]
[SourceTitle "Mega2024 Update 01"]
[Source "Chessbase"]
[SourceDate "2023.11.12"]
[SourceVersion "1"]
[SourceVersionDate "2023.11.12"]
[SourceQuality "1"]

1. d4 d5 2. c4 dxc4 3. Nc3 a6 4. a4 Nc6 5. Nf3 e5 6. e3 exd4 7. exd4 Na5 8. Ne5 Nb3 9. Bxc4 Nxa1 10. Bxf7+ Ke7 11. Nd5+ Kd6 12. Nc4+ Kd7 13. Qg4+ Kc6 14. Na5+ 1-0

[Event "Hvar op"]
[Site "Hvar"]
[Date "2023.10.18"]
[Round "6"]
[White "Zuo, Yifan"]
[Black "Nikcevic, Nebojsa"]
[Result "1-0"]
[WhiteElo "2322"]
[BlackElo "2350"]
[PlyCount "59"]
[EventDate "2023.10.15"]
[EventType "swiss"]
[EventRounds "9"]
[EventCountry "CRO"]
[SourceTitle "Mega2024 Update 01"]
[Source "Chessbase"]
[SourceDate "2023.11.12"]
[SourceVersion "1"]
[SourceVersionDate "2023.11.12"]
[SourceQuality "1"]

1. d4 d5 2. Nf3 Nf6 3. c4 dxc4 4. e3 e6 5. Bxc4 a6 6. 0-0 b5 7. Bd3 Bb7 8. a4 b4 9. Qe2 c5 10. Rd1 cxd4 11. exd4 Nc6 12. Nbd2 Na5 13. Ne4 Qd5 14. Nxf6+ gxf6 15. Bf4 Bd6 16. Bxd6 Qxd6 17. Be4 Bxe4 18. Qxe4 Qd5 19. Qf4 Nb3 20. Qxf6 Rg8 21. Rab1 Rc8 22. Qf4 Rg6 23. g3 Ke7 24. Ne5 Rf6 25. Qh4 h5 26. Rd3 Rh8 27. Rxb3 Qxb3 28. Nc6+ Kd6 29. Qxf6 Rc8 30. Qe7+ 1-0

[Event "Hvar op"]
[Site "Hvar"]
[Date "2023.10.17"]
[Round "4"]
[White "Ronce, Nathan"]
[Black "Nikcevic, Nebojsa"]
[Result "0-1"]
[WhiteElo "2159"]
[BlackElo "2350"]
[PlyCount "134"]
[EventDate "2023.10.15"]
[EventType "swiss"]
[EventRounds "9"]
[EventCountry "CRO"]
[SourceTitle "Mega2024 Update 01"]
[Source "Chessbase"]
[SourceDate "2023.11.12"]
[SourceVersion "1"]
[SourceVersionDate "2023.11.12"]
[SourceQuality "1"]

1. e4 c5 2. Nf3 Nc6 3. d4 cxd4 4. Nxd4 g6 5. c4 Bg7 6. Be3 Nf6 7. Nc3 0-0 8. Be2 d6 9. 0-0 a6 10. h3 Bd7 11. Qc2 Qb8 12. Rfd1 Rc8 13. Nb3 Be6 14. Nd5 Nd7 15. Nf4 Bh6 16. Qd2 Bxf4 17. Bxf4 Nce5 18. c5 Bxb3 19. axb3 Nxc5 20. Qe3 Ne6 21. Bg3 Qa7 22. Qd2 Qb6 23. Ra3 Qc5 24. Ra5 b5 25. Kh2 Nc6 26. Raa1 Qd4 27. Qc1 Qf6 28. Qe3 h5 29. Kg1 h4 30. Bh2 Qg5 31. Qb6 Ne5 32. Rxa6 Rxa6 33. Qxa6 Rc1 34. Qa8+ Kg7 35. Qd5 b4 36. Kf1 Nf4 37. Bxf4 Qxf4 38. Qd4 Qh2 39. f3 Rxd1+ 40. Bxd1 Qf4 41. Qxb4 Qc1 42. Qd4 f6 43. Ke2 g5 44. Qc3 Qf4 45. Qe3 Qh2 46. Qf2 Ng6 47. b4 Qe5 48. Kd3 Nf4+ 49. Kc2 Qb5 50. Qd2 Qf1 51. Kb3 Nxg2 52. Qe2 Qg1 53. b5 Nf4 54. Qc2 Nxh3 55. Be2 Nf4 56. Qc7 Qe3+ 57. Ka2 Ng6 58. Bf1 Qxf3 59. b6 Qxf1 60. b7 h3 61. b8Q h2 62. Qcc8 h1Q 63. Qg8+ Kh6 64. Qh8+ Nxh8 65. Qxh8+ Kg6 66. Qe8+ Kh7 67. Qf7+ Kh6 0-1

[Event "Hvar op"]
[Site "Hvar"]
[Date "2023.10.15"]
[Round "1"]
[White "Nikcevic, Nebojsa"]
[Black "Stojkovic, Andreja"]
[Result "1-0"]
[WhiteElo "2350"]
[BlackElo "1800"]
[PlyCount "51"]
[EventDate "2023.10.15"]
[EventType "swiss"]
[EventRounds "9"]
[EventCountry "CRO"]
[SourceTitle "Mega2024 Update 01"]
[Source "Chessbase"]
[SourceDate "2023.11.12"]
[SourceVersion "1"]
[SourceVersionDate "2023.11.12"]
[SourceQuality "1"]

1. Nf3 f5 2. c4 Nf6 3. Nc3 g6 4. d4 Bg7 5. e3 0-0 6. b4 d6 7. Qb3 c6 8. Be2 Qc7 9. Bb2 Kh8 10. c5 d5 11. Ne5 Nbd7 12. f4 Nxe5 13. dxe5 Ne4 14. Nxe4 fxe4 15. h4 h5 16. g4 Bxg4 17. Bxg4 hxg4 18. h5 gxh5 19. Rxh5+ Kg8 20. e6 Bf6 21. 0-0-0 Qc8 22. f5 Qc7 23. Rdh1 d4 24. Qd1 Qg3 25. Bxd4 Rad8 26. Rh8+ 1-0

[Event "WchT Seniors 50"]
[Site "Struga"]
[Date "2023.09.20"]
[Round "2.1"]
[White "Shabalov, Alexander"]
[Black "Nikcevic, Nebojsa"]
[Result "1/2-1/2"]
[WhiteElo "2465"]
[BlackElo "2358"]
[PlyCount "88"]
[EventDate "2023.09.19"]
[EventType "team-swiss"]
[EventRounds "9"]
[EventCountry "MKD"]
[SourceTitle "EXT 2024"]
[Source "ChessBase"]
[SourceDate "2023.10.10"]
[SourceVersion "1"]
[SourceVersionDate "2023.10.10"]
[SourceQuality "1"]
[WhiteTeam "United States 50"]
[BlackTeam "Montenegro 50"]
[WhiteTeamCountry "USA"]
[BlackTeamCountry "MNE"]

1. d4 d5 2. c4 e6 3. Nc3 c6 4. e3 Nf6 5. Bd2 Nbd7 6. Rc1 Bd6 7. c5 Bc7 8. f4 0-0 9. Nf3 b5 10. Bd3 b4 11. Ne2 a5 12. Ng3 Ba6 13. Bb1 Re8 14. Ne5 Bb5 15. Kf2 Nf8 16. Re1 N6d7 17. e4 Nxe5 18. dxe5 d4 19. Qf3 d3 20. Qe3 Ng6 21. Kg1 Qh4 22. Nh1 Rad8 23. g3 Qe7 24. Nf2 Rd7 25. Kg2 Red8 26. a3 Rd4 27. axb4 axb4 28. b3 Bb8 29. Red1 Ba7 30. Qe1 Bxc5 31. Be3 d2 32. Rxd2 Rxd2 33. Bxd2 h6 34. Be3 Bd4 35. Rd1 Bxe3 36. Rxd8+ Qxd8 37. Qxe3 Qa5 38. Bd3 Bxd3 39. Qxd3 Qc5 40. Kf3 Nf8 41. h4 Qa7 42. Nd1 Qg1 43. Ne3 Qh1+ 44. Kf2 Qc1 1/2-1/2

[Event "Pula op 35th"]
[Site "Pula"]
[Date "2023.06.25"]
[Round "9"]
[White "Nikcevic, Nebojsa"]
[Black "Mammadov, Zaur Fazahir Oglu"]
[Result "0-1"]
[WhiteElo "2369"]
[BlackElo "2380"]
[PlyCount "68"]
[EventDate "2023.06.17"]
[EventType "swiss"]
[EventRounds "9"]
[EventCountry "CRO"]
[SourceTitle "CBM 214 Extra"]
[Source "ChessBase"]
[SourceDate "2023.07.31"]
[SourceVersion "1"]
[SourceVersionDate "2023.07.31"]
[SourceQuality "1"]

1. d4 d5 2. Nf3 Nf6 3. c4 c6 4. e3 Bg4 5. Nc3 e6 6. h3 Bh5 7. Qb3 Qb6 8. Ne5 Nbd7 9. g4 Bg6 10. Nxg6 hxg6 11. g5 Nh5 12. Qc2 dxc4 13. Bxc4 Qa5 14. Rg1 b5 15. Bb3 Bb4 16. Bd2 0-0 17. Bxe6 fxe6 18. Qxg6 Bxc3 19. bxc3 b4 20. Qxe6+ Kh8 21. cxb4 Qd5 22. Qxd5 cxd5 23. Rc1 Rae8 24. Kf1 Nb6 25. Kg2 Nc4 26. Be1 Kh7 27. b5 Kg6 28. Bb4 Rf5 29. Bc5 Rf7 30. Rc3 Kxg5 31. Re1 Kh4 32. Ra1 Re6 33. Rf1 Rg6+ 34. Kh2 Rf3 0-1

[Event "Pula op 35th"]
[Site "Pula"]
[Date "2023.06.19"]
[Round "3"]
[White "Jakrlin, Mihael"]
[Black "Nikcevic, Nebojsa"]
[Result "0-1"]
[WhiteElo "2206"]
[BlackElo "2369"]
[PlyCount "78"]
[EventDate "2023.06.17"]
[EventType "swiss"]
[EventRounds "9"]
[EventCountry "CRO"]
[SourceTitle "CBM 214 Extra"]
[Source "ChessBase"]
[SourceDate "2023.07.31"]
[SourceVersion "1"]
[SourceVersionDate "2023.07.31"]
[SourceQuality "1"]

1. Nf3 c5 2. g3 Nc6 3. Bg2 g6 4. c4 Bg7 5. 0-0 d6 6. Nc3 Bf5 7. d3 Qd7 8. Re1 Bh3 9. Bxh3 Qxh3 10. e4 Bxc3 11. bxc3 f6 12. Nh4 0-0-0 13. f4 e5 14. f5 Nge7 15. Rf1 Rdf8 16. Qf3 gxf5 17. Nxf5 Nxf5 18. Qxf5+ Qxf5 19. Rxf5 h5 20. Bd2 Ne7 21. Rf3 Rhg8 22. Raf1 Rg6 23. Kf2 Kd7 24. Ke2 Ke6 25. Be3 b6 26. Bd2 Rf7 27. h4 Rfg7 28. Rf5 Rh7 29. g4 Rxg4 30. Rxf6+ Kd7 31. Bg5 Rg2+ 32. Kd1 Nc6 33. Rf7+ Rxf7 34. Rxf7+ Kc8 35. Rh7 Rxa2 36. Rxh5 a5 37. Bd2 a4 38. Rh7 a3 39. h5 Rxd2+ 0-1

[Event "MNT World Cup Qual"]
[Site "Niksic"]
[Date "2023.06.05"]
[Round "2.3"]
[White "Nikcevic, Nebojsa"]
[Black "Kadric, Denis"]
[Result "0-1"]
[WhiteElo "2373"]
[BlackElo "2601"]
[PlyCount "82"]
[EventDate "2023.06.02"]
[EventType "k.o."]
[EventRounds "3"]
[EventCountry "MNE"]
[SourceTitle "CBM 214 Extra"]
[Source "ChessBase"]
[SourceDate "2023.07.31"]
[SourceVersion "1"]
[SourceVersionDate "2023.07.31"]
[SourceQuality "1"]

1. c4 e5 2. e3 d6 3. Nc3 g6 4. g3 Bg7 5. Bg2 Nf6 6. Nge2 0-0 7. h3 c6 8. d4 exd4 9. exd4 Re8 10. 0-0 Nbd7 11. Bf4 Nb6 12. b3 d5 13. c5 Nbd7 14. Qc2 Nf8 15. g4 h5 16. f3 N6h7 17. Rad1 f5 18. gxh5 gxh5 19. Qd2 Ng6 20. Bh6 Re7 21. Bxg7 Rxg7 22. Nf4 Qh4 23. Nce2 Nxf4 24. Nxf4 Bd7 25. Rf2 Kh8 26. Kf1 Rag8 27. Re1 Bc8 28. Qe3 b6 29. cxb6 Ba6+ 30. Kg1 Ng5 31. Kh1 axb6 32. Rc1 Bb7 33. Rcc2 Kh7 34. Qe5 Bc8 35. Rf1 Nf7 36. Qe3 Bd7 37. a4 Re8 38. Qc1 Ng5 39. b4 Rge7 40. Rg1 Re1 41. Qd2 Qg3 0-1

[Event "MNT World Cup Qual"]
[Site "Niksic"]
[Date "2023.06.04"]
[Round "2.1"]
[White "Kadric, Denis"]
[Black "Nikcevic, Nebojsa"]
[Result "1/2-1/2"]
[WhiteElo "2601"]
[BlackElo "2373"]
[PlyCount "66"]
[EventDate "2023.06.02"]
[EventType "k.o."]
[EventRounds "3"]
[EventCountry "MNE"]
[SourceTitle "CBM 214 Extra"]
[Source "ChessBase"]
[SourceDate "2023.07.31"]
[SourceVersion "1"]
[SourceVersionDate "2023.07.31"]
[SourceQuality "1"]

1. e4 e5 2. Nf3 Nf6 3. Nxe5 d6 4. Nf3 Nxe4 5. d4 d5 6. Bd3 Bf5 7. 0-0 Be7 8. Re1 Nc6 9. Nc3 Nxc3 10. bxc3 Bxd3 11. Qxd3 0-0 12. Rb1 b6 13. Bf4 Bf6 14. Re2 Qd7 15. Rbe1 Rac8 16. h4 h6 17. g3 Na5 18. Ne5 Bxe5 19. Rxe5 Rfe8 20. Rxe8+ Rxe8 21. Rxe8+ Qxe8 22. Bxc7 Nc4 23. Bf4 Qe6 24. Kg2 h5 25. f3 b5 26. Kf2 f5 27. Qd1 Kf7 28. Qb1 Qa6 29. Qb4 Qxa2 30. Qxb5 Qxc2+ 31. Kg1 Qd1+ 32. Kf2 Qc2+ 33. Kg1 Qd1+ 1/2-1/2

[Event "MNT World Cup Qual"]
[Site "Niksic"]
[Date "2023.06.03"]
[Round "1.2"]
[White "Sukovic, Andrej"]
[Black "Nikcevic, Nebojsa"]
[Result "1/2-1/2"]
[WhiteElo "2328"]
[BlackElo "2373"]
[PlyCount "74"]
[EventDate "2023.06.02"]
[EventType "k.o."]
[EventRounds "3"]
[EventCountry "MNE"]
[SourceTitle "CBM 214 Extra"]
[Source "ChessBase"]
[SourceDate "2023.07.31"]
[SourceVersion "1"]
[SourceVersionDate "2023.07.31"]
[SourceQuality "1"]

1. e4 e5 2. Nf3 Nf6 3. d4 Nxe4 4. Bd3 Nc6 5. Nxe5 Nxe5 6. dxe5 d5 7. exd6 Nxd6 8. 0-0 Be7 9. Qh5 g6 10. Qh6 Be6 11. Nc3 Bf8 12. Qf4 Bg7 13. Be3 0-0 14. Bd4 Bxd4 15. Qxd4 Nf5 16. Qb4 Nd6 17. f4 Re8 18. Rad1 Qe7 19. Rde1 c6 20. Qd4 Qc7 21. Kh1 a6 22. Re5 Bf5 23. Qc5 Bxd3 24. cxd3 Qd7 25. d4 f6 26. Ree1 Rxe1 27. Rxe1 Re8 28. Rxe8+ Qxe8 29. h3 Qe1+ 30. Kh2 Nf5 31. Qc4+ Kg7 32. Ne2 Qf2 33. Qe6 Ne3 34. Qe7+ Kg8 35. Qe8+ Kg7 36. Qe7+ Kg8 37. Qe8+ Kg7 1/2-1/2

[Event "Pays de Bray 1st"]
[Site "Gournay en Bray"]
[Date "2023.05.17"]
[Round "5"]
[White "Mouhamad, Joachin"]
[Black "Nikcevic, Nebojsa"]
[Result "1/2-1/2"]
[WhiteElo "2238"]
[BlackElo "2373"]
[PlyCount "169"]
[EventDate "2023.05.14"]
[EventType "tourn"]
[EventRounds "9"]
[EventCountry "FRA"]
[EventCategory "4"]
[SourceTitle "CBM 214 Extra"]
[Source "ChessBase"]
[SourceDate "2023.07.31"]
[SourceVersion "1"]
[SourceVersionDate "2023.07.31"]
[SourceQuality "1"]

1. e4 e5 2. Nf3 Nc6 3. Bb5 a6 4. Ba4 Nf6 5. 0-0 Be7 6. d3 d6 7. c3 0-0 8. Re1 Re8 9. Nbd2 Bf8 10. Nf1 h6 11. Ng3 b5 12. Bb3 Na5 13. Bc2 c5 14. d4 Qc7 15. d5 c4 16. b4 cxb3 17. axb3 Nb7 18. Bd2 Nc5 19. Qe2 Qb8 20. Ra2 Re7 21. Rea1 Rea7 22. b4 Ncd7 23. c4 bxc4 24. Qxc4 Be7 25. Qe2 Bd8 26. Bd3 a5 27. bxa5 Nc5 28. Bc4 Nb3 29. Bxb3 Qxb3 30. Ra3 Qb2 31. Qe1 Rb8 32. h3 Ba6 33. Bc3 Qb5 34. Nd2 Rab7 35. Nf5 Qd7 36. Qe3 Nxd5 37. Nxh6+ gxh6 38. exd5 Bg5 39. Qg3 Kf8 40. Qf3 f5 41. Rd1 Kg8 42. Qh5 Qf7 43. Qxf7+ Kxf7 44. Raa1 Rc8 45. Ra3 Rc5 46. Nf1 f4 47. Be1 Rbb5 48. Rc3 Rxd5 49. Rxd5 Rxd5 50. Rc6 Bb5 51. Rc1 Rd4 52. Rb1 Bd3 53. Ra1 Ba6 54. Nd2 e4 55. Nf1 Rd3 56. Rb1 e3 57. Nh2 Ra3 58. fxe3 fxe3 59. Nf3 Be7 60. Rb6 Bc4 61. Kh2 Bd8 62. Rb8 Bxa5 63. Rb7+ Ke6 64. Nd4+ Kd5 65. Nc2 Bxe1 66. Nxa3 Bd3 67. Re7 Bf2 68. g4 e2 69. Nc2 Be4 70. Nb4+ Kd4 71. Nc2+ Kd3 72. Nb4+ Ke3 73. Nc2+ Kd3 74. Nb4+ Kc3 75. Rxe4 e1Q 76. Nd5+ Kd3 77. Rxe1 Bxe1 78. Kg2 Ke4 79. Nf6+ Kf4 80. Ng8 Kg5 81. Kf3 Bd2 82. Ke4 Kh4 83. Kd5 Bg5 84. Kxd6 Kxh3 85. Nxh6 1/2-1/2

[Event "Pays de Bray 1st"]
[Site "Gournay en Bray"]
[Date "2023.05.15"]
[Round "2"]
[White "Hoeglauer, Patrick"]
[Black "Nikcevic, Nebojsa"]
[Result "0-1"]
[WhiteElo "2280"]
[BlackElo "2373"]
[PlyCount "52"]
[EventDate "2023.05.14"]
[EventType "tourn"]
[EventRounds "9"]
[EventCountry "FRA"]
[EventCategory "4"]
[SourceTitle "CBM 214 Extra"]
[Source "ChessBase"]
[SourceDate "2023.07.31"]
[SourceVersion "1"]
[SourceVersionDate "2023.07.31"]
[SourceQuality "1"]

1. d4 Nf6 2. c4 e6 3. Nc3 Bb4 4. e3 c5 5. Nge2 b6 6. a3 Ba5 7. Qa4 Nc6 8. g3 Ne4 9. Bg2 Nxc3 10. bxc3 cxd4 11. exd4 0-0 12. 0-0 Ba6 13. d5 Ne5 14. Bf4 Nxc4 15. dxe6 fxe6 16. Bxa8 Qxa8 17. Qxd7 e5 18. Rfd1 exf4 19. Nxf4 Ne5 20. Qe6+ Nf7 21. Nd5 Kh8 22. Nc7 Ng5 23. Nxa8 Nxe6 24. Rd6 Bc4 25. Nc7 Nxc7 26. Rc6 b5 0-1

[Event "Ayvalik Yasemin"]
[Site "Ayvalik"]
[Date "2023.04.24"]
[Round "4"]
[White "Erdogmus, Yagiz Kaan"]
[Black "Nikcevic, Nebojsa"]
[Result "1-0"]
[WhiteElo "2454"]
[BlackElo "2414"]
[PlyCount "73"]
[EventDate "2023.04.22"]
[EventType "schev"]
[EventRounds "9"]
[EventCountry "TUR"]
[SourceTitle "CBM 213 Extra"]
[Source "ChessBase"]
[SourceDate "2023.05.31"]
[SourceVersion "1"]
[SourceVersionDate "2023.05.31"]
[SourceQuality "1"]
[WhiteTeam "Team B"]
[BlackTeam "Team C"]
[WhiteTeamCountry "TUR"]
[BlackTeamCountry "MKD"]

1. e4 e5 2. Nf3 Nc6 3. d4 exd4 4. Nxd4 Nf6 5. Nxc6 bxc6 6. Nd2 d5 7. exd5 cxd5 8. Bb5+ Bd7 9. Bxd7+ Qxd7 10. 0-0 Be7 11. b3 0-0 12. Bb2 Rfe8 13. Qf3 Ng4 14. h3 Bf6 15. Bxf6 Nxf6 16. Rfe1 c5 17. Qd3 h6 18. Nf3 Rxe1+ 19. Rxe1 Re8 20. Rxe8+ Qxe8 21. Qa6 Qd7 22. Ne5 Qe8 23. Nd3 Ne4 24. Qxa7 c4 25. Nb4 Qe5 26. Qa8+ Kh7 27. Qxd5 Qf4 28. Qd4 Qc1+ 29. Kh2 Nd2 30. h4 Qe1 31. bxc4 h5 32. Nd5 f5 33. Nf4 Nf1+ 34. Kh3 Nd2 35. Nxh5 Qh1+ 36. Kg3 f4+ 37. Nxf4 1-0

[Event "Ayvalik Yasemin"]
[Site "Ayvalik"]
[Date "2023.04.23"]
[Round "3"]
[White "Nikcevic, Nebojsa"]
[Black "Citak, Selim"]
[Result "1/2-1/2"]
[WhiteElo "2414"]
[BlackElo "2272"]
[PlyCount "136"]
[EventDate "2023.04.22"]
[EventType "schev"]
[EventRounds "9"]
[EventCountry "TUR"]
[SourceTitle "CBM 213 Extra"]
[Source "ChessBase"]
[SourceDate "2023.05.31"]
[SourceVersion "1"]
[SourceVersionDate "2023.05.31"]
[SourceQuality "1"]
[WhiteTeam "Team C"]
[BlackTeam "Team B"]
[WhiteTeamCountry "MKD"]
[BlackTeamCountry "TUR"]

1. c4 e6 2. Nf3 Nf6 3. Nc3 d5 4. d4 Be7 5. g3 0-0 6. Bg2 dxc4 7. Ne5 c5 8. dxc5 Qxd1+ 9. Nxd1 Bxc5 10. Nc3 Nc6 11. Nxc4 Rd8 12. 0-0 Nd5 13. Bd2 b6 14. Nxd5 exd5 15. Ne3 Be6 16. Rfd1 Rac8 17. Rac1 d4 18. Nc4 Nb4 19. Bxb4 Bxb4 20. Ne5 Rxc1 21. Rxc1 Bf8 22. a3 g6 23. Bb7 Bg7 24. Nd3 Kf8 25. Ba6 Ke7 26. Nb4 Kd6 27. Rc6+ Ke7 28. Rc2 Kd6 29. Kf1 h5 30. Rc6+ Ke7 31. h4 Be5 32. Rc2 Bd5 33. f4 Bb8 34. Kf2 Be4 35. Bd3 Bb7 36. Nc6+ Bxc6 37. Rxc6 Rd6 38. Rc1 Rd7 39. f5 gxf5 40. Bxf5 Rc7 41. Rd1 Rc5 42. Be4 Be5 43. Rd3 Rc2 44. Rb3 Rc5 45. Rf3 Bf6 46. b4 Rc3 47. a4 Rc4 48. b5 Rxa4 49. Bd3 Ra3 50. Rf5 Rc3 51. Rxh5 Rc5 52. Rxc5 bxc5 53. Bc4 Kf8 54. Kf3 Bd8 55. Ke4 Kg7 56. Kd5 Bb6 57. g4 f6 58. Kd6 Kf8 59. Ke6 Kg7 60. Ke7 Ba5 61. h5 Bb6 62. Bd3 Ba5 63. Kd6 Bb6 64. Bc4 Kh6 65. Ke6 Kg7 66. h6+ Kxh6 67. Kxf6 Bd8+ 68. Kf5 Kg7 1/2-1/2

[Event "Ayvalik Kadife"]
[Site "Ayvalik"]
[Date "2023.04.16"]
[Round "2.1"]
[White "Baglan, Esat"]
[Black "Nikcevic, Nebojsa"]
[Result "1-0"]
[WhiteElo "2350"]
[BlackElo "2414"]
[PlyCount "77"]
[EventDate "2023.04.15"]
[EventType "schev"]
[EventRounds "9"]
[EventCountry "TUR"]
[SourceTitle "CBM 213 Extra"]
[Source "ChessBase"]
[SourceDate "2023.05.31"]
[SourceVersion "1"]
[SourceVersionDate "2023.05.31"]
[SourceQuality "1"]
[WhiteTeam "Team B"]
[BlackTeam "Team D"]
[WhiteTeamCountry "TUR"]
[BlackTeamCountry "TUR"]

1. e4 e5 2. Bc4 Nf6 3. d3 c6 4. Nf3 d5 5. Bb3 Bb4+ 6. Bd2 Bxd2+ 7. Nbxd2 Nbd7 8. 0-0 0-0 9. Re1 d4 10. c3 Nc5 11. Nxe5 dxc3 12. bxc3 Nxd3 13. Nxf7 Rxf7 14. Nf3 Ng4 15. Re2 Qd7 16. Bxf7+ Kxf7 17. Rd2 Ngxf2 18. Ne5+ Ke8 19. Qe2 Nh3+ 20. gxh3 Nf4 21. Nxd7 Nxe2+ 22. Rxe2 Bxd7 23. h4 Ke7 24. Kf2 Bg4 25. Rb2 b6 26. Ke3 Be6 27. Rg1 g6 28. h5 Bf7 29. Rf2 a5 30. a3 Rd8 31. Rd2 Rb8 32. h6 b5 33. Kf4 c5 34. Rg5 Rc8 35. Re5+ Be6 36. Rdd5 b4 37. Rxc5 Rxc5 38. Rxc5 b3 39. Rxa5 1-0